<?xml version="1.0" encoding="UTF-8"?>
<record
    xmlns:xsi="http://www.w3.org/2001/XMLSchema-instance"
    xsi:schemaLocation="http://www.loc.gov/MARC21/slim http://www.loc.gov/standards/marcxml/schema/MARC21slim.xsd"
    xmlns="http://www.loc.gov/MARC21/slim">

  <leader>01460nam0a2200409   4500</leader>
  <controlfield tag="001">RU\NLR\bibl\174712</controlfield>
  <controlfield tag="005">20260409071614.0</controlfield>
  <datafield tag="010" ind1=" " ind2=" ">
    <subfield code="a">5-85523-088-0</subfield>
    <subfield code="9">3000</subfield>
  </datafield>
  <datafield tag="021" ind1=" " ind2=" ">
    <subfield code="a">RU</subfield>
    <subfield code="b">2001-15805</subfield>
    <subfield code="9">735</subfield>
  </datafield>
  <datafield tag="035" ind1=" " ind2=" ">
    <subfield code="a">(NLR Aleph) 000171453</subfield>
  </datafield>
  <datafield tag="090" ind1=" " ind2=" ">
    <subfield code="a">988176</subfield>
    <subfield code="c">988176</subfield>
  </datafield>
  <datafield tag="100" ind1=" " ind2=" ">
    <subfield code="a">20010619d2001    u  y0rusy50      ca</subfield>
  </datafield>
  <datafield tag="101" ind1="1" ind2=" ">
    <subfield code="a">rus</subfield>
    <subfield code="c">ger</subfield>
  </datafield>
  <datafield tag="102" ind1=" " ind2=" ">
    <subfield code="a">RU</subfield>
  </datafield>
  <datafield tag="105" ind1=" " ind2=" ">
    <subfield code="a">y   |||||||||</subfield>
  </datafield>
  <datafield tag="200" ind1="1" ind2=" ">
    <subfield code="a">&#x412;&#x43B;&#x430;&#x441;&#x442;&#x44C; &#x43C;&#x43E;&#x442;&#x438;&#x432;&#x430;&#x446;&#x438;&#x438;</subfield>
    <subfield code="e">&#x425;&#x430;&#x440;&#x438;&#x437;&#x43C;&#x430;, &#x43B;&#x438;&#x447;&#x43D;&#x43E;&#x441;&#x442;&#x44C;, &#x443;&#x441;&#x43F;&#x435;&#x445;</subfield>
    <subfield code="f">&#x41D;&#x438;&#x43A;&#x43E;&#x43B;&#x430;&#x443;&#x441; &#x411;. &#x42D;&#x43D;&#x43A;&#x435;&#x43B;&#x44C;&#x43C;&#x430;&#x43D;&#x43D;</subfield>
    <subfield code="g">&#x41F;&#x435;&#x440;. &#x441; &#x43D;&#x435;&#x43C;. [&#x41D;.&#x410;. &#x412;&#x440;&#x443;&#x431;&#x43B;&#x435;&#x432;&#x441;&#x43A;&#x430;&#x44F;]</subfield>
  </datafield>
  <datafield tag="205" ind1=" " ind2=" ">
    <subfield code="a">3-&#x435; &#x438;&#x437;&#x434;.</subfield>
  </datafield>
  <datafield tag="210" ind1=" " ind2=" ">
    <subfield code="a">&#x41C;.</subfield>
    <subfield code="c">&#x418;&#x43D;&#x442;&#x435;&#x440;&#x44D;&#x43A;&#x441;&#x43F;&#x435;&#x440;&#x442;</subfield>
    <subfield code="d">2001</subfield>
  </datafield>
  <datafield tag="215" ind1=" " ind2=" ">
    <subfield code="a">270, [2] &#x441;.</subfield>
    <subfield code="d">20</subfield>
  </datafield>
  <datafield tag="300" ind1=" " ind2=" ">
    <subfield code="a">&#x417;&#x430;&#x433;&#x43B;. &#x438; &#x430;&#x432;&#x442;. &#x43E;&#x440;&#x438;&#x433;.: Die macht der motivation / Nicolaus B. Enkelmann</subfield>
  </datafield>
  <datafield tag="454" ind1=" " ind2="0">
    <subfield code="1">2001#$aDie macht der motivation$fNicolaus B. Enkelmann</subfield>
    <subfield code="t">Die macht der motivation</subfield>
  </datafield>
  <datafield tag="606" ind1=" " ind2=" ">
    <subfield code="a">&#x41C;&#x43E;&#x442;&#x438;&#x432;&#x430;&#x446;&#x438;&#x44F; (&#x43F;&#x441;&#x438;&#x445;&#x43E;&#x43B;.)</subfield>
    <subfield code="3">RU\NLR\auth\66748635</subfield>
    <subfield code="9">1685237</subfield>
  </datafield>
  <datafield tag="610" ind1="0" ind2=" ">
    <subfield code="a">&#x41C;&#x43E;&#x442;&#x438;&#x432;&#x430;&#x446;&#x438;&#x44F; (&#x43F;&#x441;&#x438;&#x445;&#x43E;&#x43B;.)</subfield>
  </datafield>
  <datafield tag="610" ind1="0" ind2=" ">
    <subfield code="a">&#x421;&#x430;&#x43C;&#x43E;&#x432;&#x43E;&#x441;&#x43F;&#x438;&#x442;&#x430;&#x43D;&#x438;&#x435;</subfield>
  </datafield>
  <datafield tag="610" ind1="0" ind2=" ">
    <subfield code="a">&#x41F;&#x441;&#x438;&#x445;&#x43E;&#x433;&#x438;&#x433;&#x438;&#x435;&#x43D;&#x430;</subfield>
  </datafield>
  <datafield tag="675" ind1=" " ind2=" ">
    <subfield code="a">159.947.5</subfield>
    <subfield code="v">3</subfield>
    <subfield code="z">rus</subfield>
  </datafield>
  <datafield tag="686" ind1=" " ind2=" ">
    <subfield code="a">15</subfield>
    <subfield code="2">rugasnti</subfield>
  </datafield>
  <datafield tag="686" ind1=" " ind2=" ">
    <subfield code="a">88.3</subfield>
    <subfield code="2">rubbk</subfield>
  </datafield>
  <datafield tag="686" ind1=" " ind2=" ">
    <subfield code="a">&#x42E;936.1-723</subfield>
  </datafield>
  <datafield tag="700" ind1=" " ind2="1">
    <subfield code="a">&#x42D;&#x43D;&#x43A;&#x435;&#x43B;&#x44C;&#x43C;&#x430;&#x43D;&#x43D;</subfield>
    <subfield code="b">&#x41D;&#x438;&#x43A;&#x43E;&#x43B;&#x430;&#x443;&#x441; &#x411;.</subfield>
    <subfield code="4">070</subfield>
  </datafield>
  <datafield tag="801" ind1=" " ind2="0">
    <subfield code="a">RU</subfield>
    <subfield code="b">RKP</subfield>
    <subfield code="c">20010619</subfield>
    <subfield code="g">PSBO</subfield>
  </datafield>
  <datafield tag="801" ind1=" " ind2="1">
    <subfield code="a">RU</subfield>
    <subfield code="b">RKP</subfield>
    <subfield code="c">20010619</subfield>
  </datafield>
  <datafield tag="801" ind1=" " ind2="2">
    <subfield code="a">RU</subfield>
    <subfield code="b">NLR</subfield>
    <subfield code="c">20010914</subfield>
    <subfield code="g">rcr</subfield>
  </datafield>
  <datafield tag="942" ind1=" " ind2=" ">
    <subfield code="c">BOOK</subfield>
  </datafield>
  <datafield tag="980" ind1=" " ind2=" ">
    <subfield code="a">NB</subfield>
  </datafield>
  <datafield tag="995" ind1=" " ind2=" ">
    <subfield code="5">2001-08-06</subfield>
    <subfield code="a">ad</subfield>
    <subfield code="b">NLR01</subfield>
    <subfield code="c">NLR01</subfield>
    <subfield code="e">RF8</subfield>
    <subfield code="f">1-1761840</subfield>
    <subfield code="k">2001-3/9875</subfield>
    <subfield code="o">0</subfield>
    <subfield code="r">BOOK</subfield>
    <subfield code="s">200139875_</subfield>
  </datafield>
  <datafield tag="995" ind1=" " ind2=" ">
    <subfield code="5">2001-08-06</subfield>
    <subfield code="a">ad</subfield>
    <subfield code="b">NLR01</subfield>
    <subfield code="c">NLR01</subfield>
    <subfield code="e">RF8</subfield>
    <subfield code="f">146946</subfield>
    <subfield code="k">2001-3/9875</subfield>
    <subfield code="o">0</subfield>
    <subfield code="r">BOOK</subfield>
    <subfield code="s">200139875_</subfield>
  </datafield>
</record>
